| 000 | 00689nam a22001937a 4500 | ||
|---|---|---|---|
| 003 | LK-CoMWRAF | ||
| 005 | 20240118132234.0 | ||
| 008 | 240107b1990 |||||||| |||| 00| 0 eng d | ||
| 040 |
_aLK-CoMWRAF _dLK-CoMWRAF _eLK-CoMWRAF |
||
| 041 | _aeng | ||
| 082 |
_a338.9 _bTEN |
||
| 245 | _a Zehn Jahre nach dem Brandt-Bericht : neue Chancen für den Nord-Süd-Dialog = Ten years after the Brandt report : new opportunities for the North/South dialogue | ||
| 260 |
_aBonn: _b Friedrich-Ebert-Stiftung, _c1990 |
||
| 300 | _a66 p. | ||
| 650 | _aDeveloping countries- Economic conditions -Congresses | ||
| 650 | _aEconomic development | ||
| 650 | _aInternational economic relations | ||
| 942 | _cRP | ||
| 999 |
_c4600 _d4600 |
||